01908nam a22002537a 4500003000900000008004100009040007100050082006500121110005500186245006800241260003300309300002900342440006500371505100100436650002601437650001901463650002401482650000901506650002801515650001601543650001501559650002501574710005501599AR-CdUCM190425b ||||| |||| 00| 0 spa d aMUNICIPALIDAD PROVINCIAL DEL CUSCOcBIBLIOTECA MUNICIPAL DEL CUSCO aRev.Univ/N°64/1933bRev.Univ/N°64/193321° trimestre 1933 aUniversidad Nacional de San Antonio Abad del Cusco aRevista Universitaria :bÓrgano de la Universidad del Cuzco / aCusco :bH. G. Rozas,c1933. a200 páginas. :c20 cm. aRevista UniversitarianAño XXII, 1° trimestre 1933, N°64 aContenido: Discurso de orden pronunciado en la apertura del presente año académico. -- Dos botanistas españoles del siglo XVI. Fortunato L. Herrera. -- Estudios sobre bromatología americana. Felipe Urquieta. -- Estudios sobre la Flora del departamento del Cuzco diversos herbarios. Fortunato L. Herrera. -- Humanización del Arte. Domingo Velasco Astete. -- En el país de los incas por J. Squier. -- La cátedra de medicina legal. Miguel A. Nieto. -- Festividades del tiempo heroico del Cuzco. Carlos A. romero. -- Las Chullpas de Sillustani. Uriel García. -- Las ruinas de Piquillaccta y la leyenda de la princesa Sumaccttica. Luis A. Pardo. -- Helechos de la Convención río Alto Urubamba. Christian Bues. -- Breve estudio sobre la tribu Bora de la comarca de los ríos Putumayo y Caquetá. Augusto Jimenez Seminario. -- Discurso pronunciado a nombre de la universidad en el acto de sepelio de los restos del que fue Rafael Paredes. -- canjes y publicaciones recibidas.  aBotánica cusqueña aBromatología aPueblos indígenas aBora aCentros arqueológicos aPiquillaqta aSillustani aLeyenda Sumaq T´ika aUniversidad Nacional de San Antonio Abad del Cusco